000 00514nam a2200181Ia 4500
008 131103s9999 xx 000 0 und d
040 _aLoreto College
041 _aEnglish
082 _aREF
_bLCBED/9477
245 _aMilestones of history dawn of a new era
_cEdited by Maurice Ashley
260 _aNew York
_bReader's digest
_c1974
300 _a160p.
_b ill.,maps,pic
_c 26cm.
504 _aIncludes index
650 _aWorld History
700 _aAshley, Maurice; ed.
850 _aLCBED/REF
942 _cBK
999 _c30964
_d81443